Microbes and you (Record no. 21039)

MARC details
000 -LEADER
fixed length control field 00402nam a2200169Ia 4500
082 ## - DEWEY DECIMAL CLASSIFICATION NUMBER
Classification number 579
Item number WED
100 ## - MAIN ENTRY--AUTHOR NAME
Personal name WEDBERG, Stanley E
245 #0 - TITLE STATEMENT
Title Microbes and you
260 ## - PUBLICATION, DISTRIBUTION, ETC. (IMPRINT)
Place of publication New York
Name of publisher Macmillan
Year of publication 1954
650 ## - SUBJECT ADDED ENTRY--TOPICAL TERM
Topical Term Blood grouping
650 ## - SUBJECT ADDED ENTRY--TOPICAL TERM
Topical Term Food poisoning
650 ## - SUBJECT ADDED ENTRY--TOPICAL TERM
Topical Term Microbes
650 ## - SUBJECT ADDED ENTRY--TOPICAL TERM
Topical Term Microbiology
650 ## - SUBJECT ADDED ENTRY--TOPICAL TERM
Topical Term Viruses
942 ## - ADDED ENTRY ELEMENTS (KOHA)
Koha item type Books
Holdings
Withdrawn status Lost status Damaged status Not for loan Home library Current library Date acquired Full call number Accession Number Koha item type
        RRII Library RRII Library 16/12/2021 579 WED 01761 Books